Microeconomics (Record no. 5560)
[ view plain ]
| 000 -LEADER | |
|---|---|
| fixed length control field | 00434nam a2200181Ia 4500 |
| 008 - FIXED-LENGTH DATA ELEMENTS--GENERAL INFORMATION | |
| fixed length control field | 230711s9999||||xx |||||||||||||| ||und|| |
| 020 ## - INTERNATIONAL STANDARD BOOK NUMBER | |
| International Standard Book Number | 978-93-80735-70-2 |
| 041 ## - LANGUAGE CODE | |
| Language code of text/sound track or separate title | ENG |
| 082 ## - DEWEY DECIMAL CLASSIFICATION NUMBER | |
| Classification number | 658 |
| Item number | JA-M |
| 100 ## - MAIN ENTRY--PERSONAL NAME | |
| Personal name | Jain,T.R |
| 245 #0 - TITLE STATEMENT | |
| Title | Microeconomics |
| 250 ## - EDITION STATEMENT | |
| Edition statement | 1st |
| 260 ## - PUBLICATION, DISTRIBUTION, ETC. | |
| Date of publication, distribution, etc. | 2013 |
| Place of publication, distribution, etc. | New Delhi |
| Name of publisher, distributor, etc. | VK Global Publications Pvt.Lid |
| 300 ## - PHYSICAL DESCRIPTION | |
| Extent | 464 |
| 650 ## - SUBJECT ADDED ENTRY--TOPICAL TERM | |
| Topical term or geographic name entry element | UNIVESITY BUSNIESS SCHOOL |
| 700 ## - ADDED ENTRY--PERSONAL NAME | |
| Personal name | Sandhu,A.S |
| 942 ## - ADDED ENTRY ELEMENTS (KOHA) | |
| Koha item type | Book |
| Withdrawn status | Lost status | Damaged status | Not for loan | Collection | Home library | Current library | Date acquired | Total checkouts | Full call number | Barcode | Date due | Date last seen | Date last checked out | Price effective from | Koha item type |
|---|---|---|---|---|---|---|---|---|---|---|---|---|---|---|---|
| MRSPTU Central Library | MRSPTU Central Library | 2 | 658 JA-M | 24995 | 02/22/2024 | 02/07/2024 | 02/07/2024 | 08/17/2023 | Book | ||||||
| MRSPTU Central Library | MRSPTU Central Library | 2 | 658 JA-M | 24996 | 01/30/2026 | 12/02/2025 | 08/17/2023 | Book | |||||||
| MRSPTU Central Library | MRSPTU Central Library | 658 JA-M | 24997 | 08/17/2023 | 08/17/2023 | Book | |||||||||
| MRSPTU Central Library | MRSPTU Central Library | 1 | 658 JA-M | 24998 | 09/09/2025 | 08/30/2023 | 08/17/2023 | Book | |||||||
| MRSPTU Central Library | MRSPTU Central Library | 6 | 658 JA-M | 24999 | 01/14/2026 | 12/24/2025 | 08/17/2023 | Book | |||||||
| MRSPTU Central Library | MRSPTU Central Library | 8 | 658 JA-M | 25000 | 01/27/2026 | 12/19/2025 | 08/17/2023 | Book |
